Contribution a l' etude de la strerilite des vaches allaittantes,​​ ការសិក្សាអំពីមូលហេតុដែលបណ្ដាលអោយមេគោគ្មានកូន (Record no. 1725)

000 -LEADER
fixed length control field 00560nam a22001577a 4500
003 - CONTROL NUMBER IDENTIFIER
control field OSt
005 - DATE AND TIME OF LATEST TRANSACTION
control field 20151003083218.0
008 - FIXED-LENGTH DATA ELEMENTS--GENERAL INFORMATION
fixed length control field 151003b xxu||||| |||| 00| 0 eng d
040 ## - CATALOGING SOURCE
Transcribing agency RUA
082 ## - DEWEY DECIMAL CLASSIFICATION NUMBER
Classification number AVM KEA 1995 B068 Or.1
100 ## - MAIN ENTRY--PERSONAL NAME
9 (RLIN) 1828
Personal name KEA, PHA.
245 ## - TITLE STATEMENT
Title Contribution a l' etude de la strerilite des vaches allaittantes,​​ ការសិក្សាអំពីមូលហេតុដែលបណ្ដាលអោយមេគោគ្មានកូន
260 ## - PUBLICATION, DISTRIBUTION, ETC. (IMPRINT)
Place of publication, distribution, etc. Phnom Penh
Name of publisher, distributor, etc. RUA
Date of publication, distribution, etc. 1995
300 ## - PHYSICAL DESCRIPTION
Extent 52p.
Other physical details ill.
Dimensions 29cm.
942 ## - ADDED ENTRY ELEMENTS (KOHA)
Source of classification or shelving scheme
Koha item type AVM
Holdings
Price effective from Date last seen Permanent Location Not for loan Date acquired Source of classification or shelving scheme Koha item type Barcode Lost status Damaged status Shelving location Withdrawn status Current Location Full call number
2015-10-032015-10-03Library Block B 2015-10-03 AVMRUA007454  B068 Library Block BAVM KEA 1995 B068 Or.1
2015-10-032015-10-03Library Block B 2015-10-03 AVMRUA007192  B068 Library Block BAVM KEA 1995 B068 Or.2
2015-10-032015-10-03Library Block B 2015-10-03 AVMRUA007341  B068 Library Block BAVM KEA 1995 B068 Or.3
2015-10-032015-10-03Library Block B 2015-10-03 AVMRUA007337  B068 Library Block BAVM KEA 1995 B068 Or.4
មជ្ឈមណ្ឌលឯការនៃសាកលវិទ្យាល័យភូមិន្ទកសិកម្មចំការដូង

Powered by Koha